000 00504nam a2200181Ia 4500
001 19242
005 20260306171729.0
008 260306s9999||||xx |||||||||||||| ||und||
041 _aESP
082 _a658.812
_bB61
100 _aBlackwell, Roger D.
_eAUT
245 0 _aEl cliente manda:
_bla importancia de las cadenas de abastecimiento en la satisfacción de sus necesidades
260 _c2002
300 _a354 páginas :
_c23 cm.
650 _aGEN
654 _aCAN
942 _cLIB
_dJUS
_fJUS
_2ddc
_n
999 _c19242
_d19242